000 00729nam a2200205Ii 4500
003 JO-AjNU
008 230605s9999||||xx |||||||||||||| ||und||
040 _aJO-AjNU
_bara
_erda
_cJO-AjNU
041 _aara
050 1 4 _aBP160 1998
100 3 _aتاليف حميد الدين، عبدالله بن محمد بن إسماعيل,
_eauthor
_910636
245 0 0 _aأصول دين الإسلام : معرفة الله سبحانه وتعالى، ج1
250 _aط1
264 3 1 _aد.م: د.ن، 1998
300 _aج1، 171ص
336 _atext
_btxt
_2rdacontent
337 _aunmediated
_bn
_2rdamedia
338 _avolume
_bnc
_2rdacarrier
650 4 _aالدين الاسلامي - اصول الدين الاسلامي
_910637
999 _aA1908
_c5476
_d5476